[Event "C.to Italiano Semifinale"]
[Site "Civitanova Marche ITA"]
[Date "2012.07.18"]
[Round "5"]
[White "Sbarra, Marco"]
[Black "Dobboletta, Alex"]
[WhiteElo "2271"]
[BlackElo "2002"]
[Result "0-1"]
[PlyCount "60"]
[EventDate "2012.07.15"]

1. d4 Nf6 2. c4 g6 3. Nc3 Bg7 4. e4 d6 5. Nf3 O-O 6. Be2 e5 7. d5 Nh5 8. h3 Nf4
9. Bf1 a5 10. g3 Nh5 11. Bg5 f6 12. Be3 Na6 13. Be2 f5 14. exf5 gxf5 15. g4 f4
16. Bc1 Nf6 17. Nd2 Nc5 18. Qc2 Qe7 19. Nde4 Nfxe4 20. Nxe4 Bd7 21. Nxc5 dxc5
22. Qe4 Be8 23. Bd3 Bg6 24. Qe2 e4 25. Bc2 Rae8 26. Ba4 c6 27. dxc6 e3 28. fxe3
fxe3 29. c7 Qh4+ 30. Kd1 Rd8+ 0-1

[Event "C.to Italiano Semifinale"]
[Site "Civitanova Marche ITA"]
[Date "2012.07.18"]
[Round "5"]
[White "Sibilio, Mario"]
[Black "Genocchio, Daniele"]
[WhiteElo "2352"]
[BlackElo "2431"]
[Result "1/2-1/2"]
[PlyCount "30"]
[EventDate "2012.07.15"]

1. d4 e6 2. c4 c5 3. d5 exd5 4. cxd5 d6 5. e4 g6 6. Bb5+ Nd7 7. a4 Ngf6 8. Nc3
Bg7 9. Nf3 O-O 10. O-O Nh5 11. Ra3 Qe7 12. Bg5 Bf6 13. Bh6 Bg7 14. Bg5 Bf6 15.
Bh6 Bg7 1/2-1/2

[Event "C.to Italiano Semifinale"]
[Site "Civitanova Marche ITA"]
[Date "2012.07.18"]
[Round "5"]
[White "Spornberger, Maximilian"]
[Black "Caprio, Guido"]
[WhiteElo "2226"]
[BlackElo "2430"]
[Result "1/2-1/2"]
[PlyCount "138"]
[EventDate "2012.07.15"]

1. e4 e5 2. Nf3 Nc6 3. d4 exd4 4. Bc4 Nf6 5. e5 d5 6. Bb5 Ne4 7. Nxd4 Bc5 8.
Be3 Bd7 9. Bxc6 bxc6 10. Nd2 Qe7 11. Nxe4 dxe4 12. e6 fxe6 13. Nxc6 Bxc6 14.
Qh5+ g6 15. Qxc5 Qxc5 16. Bxc5 a6 17. h4 O-O-O 18. Be3 h5 19. Rh3 e5 20. Rg3
Rhg8 21. Rd1 Rxd1+ 22. Kxd1 Bd7 23. Bg5 Rf8 24. Ke1 Re8 25. Rc3 Re6 26. Rc5 Rc6
27. Rxc6 Bxc6 28. Bf6 Bd7 29. Bxe5 Kb7 30. Kd2 Be6 31. b3 Kc6 32. c4 Kb7 33.
Kc3 c6 34. Kd4 Bf5 35. Kc5 Be6 36. Kd6 Bc8 37. c5 Bg4 38. Ke7 Bc8 39. Kf6 Bf5
40. b4 Kc8 41. a4 Kd7 42. Bf4 Kc8 43. Ke7 Kb7 44. Kd6 Bg4 45. Be3 Bf5 46. Bd4
Bg4 47. g3 Bf5 48. a5 Bg4 49. Bb2 Bf5 50. Bc3 Bg4 51. Bd4 Bf5 52. b5 axb5 53.
Bc3 Bg4 54. Bb4 Bh3 55. a6+ Kxa6 56. Kxc6 Ka7 57. Kc7 Ka8 58. c6 Bg4 59. Bd6
Bh3 60. Kb6 Bg4 61. Kxb5 Bh3 62. Kc5 Bg4 63. Kd4 Bf5 64. Ke5 Ka7 65. Bc7 Ka8
66. Kf4 Ka7 67. Kg5 Ka6 68. Be5 Kb6 69. c7 Kb7 1/2-1/2

[Event "C.to Italiano Semifinale"]
[Site "Civitanova Marche ITA"]
[Date "2012.07.18"]
[Round "5"]
[White "Stella, Luca"]
[Black "Bonfa', Ileano"]
[WhiteElo "2134"]
[BlackElo "2235"]
[Result "0-1"]
[PlyCount "54"]
[EventDate "2012.07.15"]

1. e4 c5 2. Nf3 g6 3. d4 cxd4 4. Nxd4 Nc6 5. Nc3 Bg7 6. Be3 Nf6 7. Bc4 Qa5 8.
f3 Qb4 9. Bb3 Nxe4 10. Nxc6 Bxc3+ 11. bxc3 Qxc3+ 12. Ke2 dxc6 13. Bd4 e5 14.
Bxc3 Nxc3+ 15. Ke3 Nxd1+ 16. Rhxd1 Ke7 17. f4 exf4+ 18. Kxf4 Be6 19. Re1 Rad8
20. Re2 Rd6 21. g4 h6 22. h4 Rhd8 23. Rae1 Rd4+ 24. Kf3 R8d6 25. Re5 Kd7 26.
R5e4 Rxe4 27. Rxe4 Bd5 0-1

[Event "C.to Italiano Semifinale"]
[Site "Civitanova Marche ITA"]
[Date "2012.07.18"]
[Round "5"]
[White "Villa, Giorgio"]
[Black "Formento, Paolo"]
[WhiteElo "1949"]
[BlackElo "2155"]
[Result "0-1"]
[PlyCount "62"]
[EventDate "2012.07.15"]

1. d4 Nf6 2. Nf3 g6 3. c4 Bg7 4. g3 O-O 5. Bg2 d6 6. O-O Nc6 7. d5 Na5 8. Nfd2
c5 9. Nc3 Nd7 10. Qc2 a6 11. b3 b5 12. Bb2 Rb8 13. Rab1 Qc7 14. Nd1 bxc4 15.
bxc4 Bxb2 16. Nxb2 e6 17. Nd3 exd5 18. Bxd5 Rxb1 19. Rxb1 Nb6 20. Nf4 Nxd5 21.
Nxd5 Qd8 22. Rb8 Nc6 23. Ra8 Nb4 24. Nxb4 cxb4 25. Qb2 Qe7 26. Qxb4 Qxe2 27. h4
Qe1+ 28. Kh2 Qxf2+ 29. Kh1 Re8 30. Ne4 Qf3+ 31. Kh2 Qxe4 0-1

[Event "C.to Italiano Semifinale"]
[Site "Civitanova Marche ITA"]
[Date "2012.07.18"]
[Round "5"]
[White "Xia, Jie"]
[Black "Bianco, Valerio"]
[WhiteElo "2301"]
[BlackElo "2141"]
[Result "1-0"]
[PlyCount "147"]
[EventDate "2012.07.15"]

1. d4 d5 2. c4 c6 3. Nf3 Nf6 4. e3 e6 5. b3 Nbd7 6. Bd3 Bd6 7. Bb2 b6 8. O-O
O-O 9. Nbd2 Bb7 10. Ne5 Ne8 11. Nxd7 Qxd7 12. e4 dxe4 13. Nxe4 Be7 14. Qh5 h6
15. Rad1 Nf6 16. Qe2 Nxe4 17. Qxe4 f5 18. Qe2 Bf6 19. Rfe1 Rfe8 20. Qc2 Rad8
21. Be2 Qf7 22. c5 b5 23. a4 a6 24. Bf3 Re7 25. axb5 axb5 26. Qe2 g6 27. g4 Kh7
28. Kg2 Qg7 29. Qe3 Rde8 30. h4 fxg4 31. Bxg4 h5 32. Bf3 Bxh4 33. Qe4 Bf6 34.
Bxh5 Kg8 35. Bf3 e5 36. dxe5 Bxe5 37. Bxe5 Rxe5 38. Qb4 Qf6 39. Rxe5 Rxe5 40.
Qd4 Kg7 41. Qd7+ Re7 42. Qg4 Qf5 43. Qxf5 gxf5 44. Rd6 Kf7 45. Kg3 Re6 46. Rd7+
Re7 47. Bh5+ Kf6 48. Rxe7 Kxe7 49. Kf4 Ke6 50. Bf3 Ba8 51. Bg2 Bb7 52. Ke3 Ke5
53. f4+ Ke6 54. Kd4 Ba8 55. Kc3 Bb7 56. Kb4 Kd7 57. Bh3 Ke6 58. Ka5 Kd5 59. Kb6
Bc8 60. Bg2+ Kd4 61. Bxc6 b4 62. Bg2 Be6 63. Kb5 Bxb3 64. Kxb4 Be6 65. c6 Ke3
66. Kc5 Kxf4 67. Kd6 Bc8 68. Bd5 Ke3 69. Be6 Ba6 70. Bxf5 Kd4 71. Be6 Bb5 72.
c7 Ba6 73. Kc6 Ke5 74. Bh3 1-0

[Event "C.to Italiano Semifinale"]
[Site "Civitanova Marche ITA"]
[Date "2012.07.19"]
[Round "6"]
[White "Altini, Nicola"]
[Black "Bentivegna, Francesco"]
[WhiteElo "2332"]
[BlackElo "2299"]
[Result "1/2-1/2"]
[PlyCount "71"]
[EventDate "2012.07.15"]

1. d4 Nf6 2. Nf3 c5 3. c3 d5 4. Bf4 Nc6 5. e3 Qb6 6. Qb3 c4 7. Qc2 Bf5 8. Qc1
e6 9. h3 h6 10. Nbd2 Be7 11. Be2 O-O 12. O-O Qd8 13. Ne5 Nxe5 14. Bxe5 b5 15.
Re1 Nd7 16. Bh2 Nb6 17. Bd1 a5 18. e4 Bh7 19. Bc2 dxe4 20. Bxe4 Bxe4 21. Rxe4
Rc8 22. Nf3 Nd5 23. Ne5 b4 24. Rg4 Bg5 25. Qc2 Nf6 26. Rg3 Nd5 27. Rf3 Qe8 28.
Qe2 Qb5 29. Re1 Bf6 30. Ng4 a4 31. Nxf6+ Nxf6 32. Bd6 bxc3 33. Bxf8 cxb2 34.
Rb1 Kxf8 35. Rxb2 Qc6 36. Rc2 1/2-1/2

[Event "C.to Italiano Semifinale"]
[Site "Civitanova Marche ITA"]
[Date "2012.07.19"]
[Round "6"]
[White "Astengo, Marcello"]
[Black "Stella, Luca"]
[WhiteElo "2033"]
[BlackElo "2134"]
[Result "0-1"]
[PlyCount "76"]
[EventDate "2012.07.15"]

1. d4 Nf6 2. c4 g6 3. Nc3 d5 4. Nf3 Bg7 5. Bg5 Ne4 6. Bh4 Nxc3 7. bxc3 dxc4 8.
Qa4+ Nd7 9. Qxc4 c5 10. e3 cxd4 11. exd4 Qa5 12. Rb1 e5 13. Be2 exd4 14. Nxd4
O-O 15. O-O Ne5 16. Qb3 Nc6 17. Rfd1 Nxd4 18. cxd4 Bf5 19. Rbc1 Rac8 20. d5
Rxc1 21. Rxc1 Qd2 22. Qd1 Qxd1+ 23. Rxd1 Be5 24. d6 f6 25. Bf3 b6 26. Bc6 Rd8
27. d7 g5 28. Bg3 Bxg3 29. fxg3 Kf7 30. Rd4 Ke7 31. g4 Bxd7 32. Be4 Bxg4 33.
Ra4 a5 34. Bxh7 Be6 35. a3 Rd1+ 36. Kf2 Rd2+ 37. Kg3 Bd5 38. Be4 Bb3 0-1

[Event "C.to Italiano Semifinale"]
[Site "Civitanova Marche ITA"]
[Date "2012.07.19"]
[Round "6"]
[White "Bianco, Valerio"]
[Black "Villa, Giorgio"]
[WhiteElo "2141"]
[BlackElo "1949"]
[Result "1-0"]
[PlyCount "61"]
[EventDate "2012.07.15"]

1. d4 d5 2. c4 c6 3. e3 Nf6 4. Nc3 e6 5. b3 Nbd7 6. Bd3 Bd6 7. Nf3 Qe7 8. Bb2
O-O 9. Qc2 dxc4 10. Bxc4 e5 11. dxe5 Nxe5 12. Be2 Bg4 13. Nd4 Bc7 14. h3 Bxe2
15. Qxe2 Rfd8 16. O-O Nd5 17. Nxd5 Rxd5 18. e4 Rd7 19. Nf5 Qb4 20. Rad1 Rad8
21. f4 Rd2 22. Qh5 Qxe4 23. Qg5 Ng6 24. Rde1 Qb4 25. Bxg7 Bxf4 26. Qf6 Qc5+ 27.
Kh1 Qd5 28. Rf3 Qxf3 29. gxf3 Rh2+ 30. Kg1 Rdd2 31. Re8+ 1-0

[Event "C.to Italiano Semifinale"]
[Site "Civitanova Marche ITA"]
[Date "2012.07.19"]
[Round "6"]
[White "Bonfa', Ileano"]
[Black "Innocenti, Giovanni"]
[WhiteElo "2235"]
[BlackElo "2021"]
[Result "1-0"]
[PlyCount "85"]
[EventDate "2012.07.15"]

1. c4 e5 2. g3 Nc6 3. Bg2 g6 4. Nc3 Bg7 5. e4 d6 6. Nge2 Be6 7. d3 Nge7 8. Nd5
O-O 9. O-O h6 10. Be3 f5 11. Qd2 Kh7 12. Rac1 Qd7 13. b4 Nd8 14. Nxe7 Qxe7 15.
c5 Qd7 16. cxd6 cxd6 17. d4 fxe4 18. Bxe4 Bh3 19. dxe5 Bxf1 20. Rxf1 Nf7 21. f4
Nxe5 22. fxe5 Rxf1+ 23. Kxf1 Qh3+ 24. Kg1 dxe5 25. Qd6 Qg4 26. Qd3 Rf8 27. Nc3
Qe6 28. Bxa7 b6 29. Nd5 Rc8 30. Bxg6+ Kh8 31. Bxb6 Rc1+ 32. Kg2 Qg4 33. a4 Rd1
34. Ne3 Rxd3 35. Nxg4 Rd6 36. Be4 Rxb6 37. b5 Kg8 38. Bc6 h5 39. Ne3 Bf8 40.
Nc4 Rb8 41. Nxe5 Bb4 42. Nd7 Rc8 43. Nf6+ 1-0

[Event "C.to Italiano Semifinale"]
[Site "Civitanova Marche ITA"]
[Date "2012.07.19"]
[Round "6"]
[White "Borgiani, Flavio"]
[Black "Parrella, Alfredo"]
[WhiteElo "2148"]
[BlackElo "2101"]
[Result "1-0"]
[PlyCount "75"]
[EventDate "2012.07.15"]

1. d4 Nf6 2. Nf3 g6 3. c4 Bg7 4. Nc3 d5 5. Qb3 dxc4 6. Qxc4 O-O 7. e4 Nc6 8.
Be2 Bg4 9. Be3 Bxf3 10. Bxf3 e5 11. d5 Nd4 12. Bd1 c6 13. dxc6 Rc8 14. a3 Rxc6
15. Qa2 a6 16. O-O b5 17. h3 a5 18. Re1 b4 19. axb4 axb4 20. Nd5 Nxd5 21. exd5
Rd6 22. Bd2 b3 23. Bxb3 Nxb3 24. Qxb3 Rxd5 25. Bb4 Re8 26. Ra7 Rd7 27. Rea1 Bf8
28. Bxf8 Kxf8 29. Qf3 e4 30. Qf4 Rxa7 31. Rxa7 Qd4 32. Kh2 Qd5 33. b4 Qe6 34.
b5 Re7 35. Rxe7 Kxe7 36. g4 f5 37. gxf5 gxf5 38. Qc7+ $138 1-0

[Event "C.to Italiano Semifinale"]
[Site "Civitanova Marche ITA"]
[Date "2012.07.19"]
[Round "6"]
[White "Bruno, Fabio"]
[Black "Bellini, Fabio"]
[WhiteElo "2423"]
[BlackElo "2506"]
[Result "1/2-1/2"]
[PlyCount "26"]
[EventDate "2012.07.15"]

1. Nf3 c5 2. c4 b6 3. Nc3 Bb7 4. e3 g6 5. d4 cxd4 6. exd4 Bg7 7. Be2 Nf6 8. d5
O-O 9. O-O Na6 10. Be3 Ng4 11. Bd2 f5 12. h3 Nh6 13. Be3 Nf7 1/2-1/2

[Event "C.to Italiano Semifinale"]
[Site "Civitanova Marche ITA"]
[Date "2012.07.19"]
[Round "6"]
[White "Cocuzzi, Edoardo"]
[Black "Mortola, Alberto"]
[WhiteElo "1993"]
[BlackElo "1989"]
[Result "0-1"]
[PlyCount "102"]
[EventDate "2012.07.15"]

1. e4 e5 2. Bc4 Nf6 3. d3 Nc6 4. a3 Be7 5. Ne2 d5 6. exd5 Nxd5 7. Nbc3 Be6 8.
Bxd5 Bxd5 9. Nxd5 Qxd5 10. O-O O-O 11. b4 Rad8 12. Bb2 Nd4 13. c4 Nxe2+ 14.
Qxe2 Qxd3 15. Qxd3 Rxd3 16. Bxe5 Bd6 17. Bxd6 Rxd6 18. c5 Rd3 19. Rfd1 Rfd8 20.
Rxd3 Rxd3 21. Kf1 Kf8 22. Ke2 Rb3 23. Ra2 Ke7 24. Kd2 a5 25. bxa5 Rb5 26. Kc3
Rxc5+ 27. Kb4 Rh5 28. h3 Rg5 29. g3 Rh5 30. h4 Rd5 31. Rb2 Kd6 32. Ka4 Kc6 33.
Rb4 h5 34. Rf4 f5 35. f3 Kc5 36. Rb4 Rd4 37. f4 Rc4 38. Kb3 Rxb4+ 39. axb4+ Kb5
40. Kc3 c5 41. bxc5 Kxc5 42. Kd3 Kb5 43. Kd4 Kxa5 44. Ke5 b5 45. Kxf5 b4 46.
Kg6 b3 47. Kxg7 b2 48. Kg6 b1=Q+ 49. Kxh5 Qf5+ 50. Kh6 Kb5 51. Kg7 Kc5 0-1

[Event "C.to Italiano Semifinale"]
[Site "Civitanova Marche ITA"]
[Date "2012.07.19"]
[Round "6"]
[White "Collutiis, Duilio"]
[Black "Rambaldi, Francesco"]
[WhiteElo "2508"]
[BlackElo "2257"]
[Result "1-0"]
[PlyCount "63"]
[EventDate "2012.07.15"]

1. g3 e5 2. c4 Nf6 3. Bg2 h6 4. Nc3 Bb4 5. Nf3 Bxc3 6. bxc3 d6 7. O-O Qe7 8. d3
O-O 9. e4 a6 10. a4 a5 11. Ne1 Nbd7 12. f4 Re8 13. Nc2 Nc5 14. Ne3 Bd7 15. fxe5
dxe5 16. Ba3 Rad8 17. d4 exd4 18. cxd4 Nfxe4 19. Nd5 Qg5 20. dxc5 c6 21. Bxe4
Rxe4 22. Bc1 Qe5 23. Bf4 Qe6 24. Nb6 g5 25. Bc7 Re2 26. Qd3 Re3 27. Qd4 Re4 28.
Qf6 Qxf6 29. Rxf6 Rde8 30. Nxd7 R8e7 31. Rd1 Rxc4 32. Be5 1-0

[Event "C.to Italiano Semifinale"]
[Site "Civitanova Marche ITA"]
[Date "2012.07.19"]
[Round "6"]
[White "Costantini, Roberto"]
[Black "Contin, Daniel"]
[WhiteElo "2289"]
[BlackElo "2346"]
[Result "1/2-1/2"]
[PlyCount "83"]
[EventDate "2012.07.15"]

1. e4 e6 2. d4 d5 3. Nc3 Nc6 4. Nf3 Bb4 5. Bd3 Nf6 6. e5 Ne4 7. Bd2 Nxd2 8.
Qxd2 f6 9. Bb5 Bd7 10. a3 Bxc3 11. Qxc3 Nxe5 12. dxe5 Bxb5 13. Qb4 Ba6 14.
O-O-O Qe7 15. exf6 Qxb4 16. axb4 Be2 17. fxg7 Rg8 18. Rde1 Bxf3 19. gxf3 Kf7
20. Re5 Rxg7 21. Rhe1 Re8 22. f4 Rg2 23. f5 Rxh2 24. fxe6+ Kf6 25. f4 c6 26. e7
Rh4 27. b5 Rxf4 28. bxc6 bxc6 29. Re6+ Kf7 30. Rxc6 Re4 31. Rh1 Kg7 32. Rch6
Re1+ 33. Rxe1 Kxh6 34. Kd2 Kg6 35. Re5 Kf6 36. Rxd5 Rxe7 37. Rh5 Kg6 38. Rh1
Rd7+ 39. Ke3 Re7+ 40. Kd3 Rd7+ 41. Ke3 a6 42. Ke4 1/2-1/2

[Event "C.to Italiano Semifinale"]
[Site "Civitanova Marche ITA"]
[Date "2012.07.19"]
[Round "6"]
[White "Dappiano, Andrea"]
[Black "Fioravanti, Diego"]
[WhiteElo "2180"]
[BlackElo "2117"]
[Result "1-0"]
[PlyCount "105"]
[EventDate "2012.07.15"]

1. c4 Nf6 2. Nc3 c5 3. e4 d6 4. g3 Nc6 5. Bg2 e5 6. Nge2 Be6 7. d3 Qd7 8. Nd5
Be7 9. a3 Nd4 10. Nxd4 cxd4 11. O-O b5 12. b3 Nxd5 13. cxd5 Bg4 14. f3 Bh5 15.
Bd2 O-O 16. Rc1 Rac8 17. g4 Bg6 18. f4 exf4 19. Bxf4 Bf6 20. Bd2 Be5 21. Qf3
Rxc1 22. Rxc1 Rc8 23. Qd1 Rxc1 24. Qxc1 Qxg4 25. h3 Qd7 26. Qc6 Qd8 27. Qxb5 f5
28. Ba5 Qe7 29. Qb8+ Kf7 30. Qd8 f4 31. Bf3 Qxd8 32. Bxd8 Ke8 33. Ba5 Ke7 34.
Kg2 Be8 35. a4 g5 36. Bg4 h5 37. Bf5 Bf6 38. Kf3 Be5 39. Bc7 Bd7 40. Bxd7 Kxd7
41. Ba5 Bf6 42. h4 g4+ 43. Kxf4 Bxh4 44. Bd2 Kc7 45. b4 Bf2 46. b5 Kb6 47. Bb4
Kc7 48. a5 h4 49. Kxg4 Bg3 50. Bd2 Be5 51. Kxh4 Bf6+ 52. Kg4 Bd8 53. Bg5 1-0

[Event "C.to Italiano Semifinale"]
[Site "Civitanova Marche ITA"]
[Date "2012.07.19"]
[Round "6"]
[White "Di Trapani, Davide"]
[Black "De Nisi, Roberta"]
[WhiteElo "2072"]
[BlackElo "1975"]
[Result "1-0"]
[PlyCount "95"]
[EventDate "2012.07.15"]

1. e4 e6 2. d4 d5 3. Nc3 Nf6 4. Bg5 Be7 5. e5 Nfd7 6. h4 a6 7. Qg4 Kf8 8. Bxe7+
Qxe7 9. f4 c5 10. dxc5 Nc6 11. O-O-O Nxc5 12. Nf3 b5 13. Bd3 h5 14. Qh3 Nb4 15.
Be2 Ne4 16. Nxe4 dxe4 17. Ng5 Bb7 18. f5 Qc5 19. c3 Nxa2+ 20. Kb1 Nxc3+ 21.
Qxc3 Qxc3 22. bxc3 Bd5 23. fxe6 Bxe6 24. Nxe6+ fxe6 25. Rd7 g6 26. Rf1+ Ke8 27.
Rff7 Rc8 28. Kb2 Rc5 29. Rfe7+ Kf8 30. Rxe6 a5 31. Rb6 Rxe5 32. Rb8+ Re8 33.
Rxe8+ Kxe8 34. Bxb5 Rf8 35. Ra7+ Kd8 36. Ra8+ Ke7 37. Rxf8 Kxf8 38. Kc2 Kf7 39.
Kd2 Kf6 40. Ke3 g5 41. hxg5+ Kxg5 42. c4 Kf5 43. c5 Ke5 44. c6 Kd6 45. Kxe4 h4
46. Kf4 Kc7 47. Kg5 Kb6 48. Ba4 1-0

[Event "C.to Italiano Semifinale"]
[Site "Civitanova Marche ITA"]
[Date "2012.07.19"]
[Round "6"]
[White "Dobboletta, Alex"]
[Black "Vezzosi, Paolo"]
[WhiteElo "2002"]
[BlackElo "2293"]
[Result "0-1"]
[PlyCount "46"]
[EventDate "2012.07.15"]

1. e4 g6 2. d4 Bg7 3. Nc3 d6 4. Be3 Nc6 5. Qd2 e5 6. d5 Nce7 7. O-O-O f5 8. f3
a6 9. Be2 Nf6 10. Kb1 O-O 11. Bh6 Bxh6 12. Qxh6 b5 13. a3 Kh8 14. h4 f4 15. Qg5
Nh5 16. g4 fxg3 17. f4 exf4 18. Bxh5 gxh5 19. Qxh5 Ng6 20. Nf3 Qe7 21. e5 Nxe5
22. Rhe1 Qf7 23. Qxf7 Nxf7 0-1

[Event "C.to Italiano Semifinale"]
[Site "Civitanova Marche ITA"]
[Date "2012.07.19"]
[Round "6"]
[White "Formento, Paolo"]
[Black "Fagnani, Alessandro"]
[WhiteElo "2155"]
[BlackElo "1981"]
[Result "1-0"]
[PlyCount "71"]
[EventDate "2012.07.15"]

1. e4 e5 2. Nf3 Nc6 3. d4 exd4 4. Bc4 Nf6 5. e5 d5 6. Bb5 Ne4 7. Nxd4 Bd7 8.
Bxc6 bxc6 9. O-O Bc5 10. f3 Ng5 11. f4 Ne4 12. Be3 O-O 13. Nd2 Nxd2 14. Qxd2 f6
15. Nb3 Bb6 16. Bc5 Qe7 17. Qc3 Rae8 18. Kh1 Bxc5 19. Nxc5 fxe5 20. fxe5 Bf5
21. Rae1 Rf7 22. Kg1 Qg5 23. Rf2 Rfe7 24. Rfe2 Bg4 25. Re3 Rf8 26. h3 d4 27.
Qc4+ Ref7 28. Rg3 Qf4 29. Ne4 Bf5 30. Nf6+ Kh8 31. Rf3 Qg5 32. Ref1 Bg6 33. e6
Rxf6 34. e7 Re8 35. Qe6 Rxf3 36. Rxf3 $138 1-0

[Event "C.to Italiano Semifinale"]
[Site "Civitanova Marche ITA"]
[Date "2012.07.19"]
[Round "6"]
[White "Gilevych, Artem"]
[Black "Spornberger, Maximilian"]
[WhiteElo "2303"]
[BlackElo "2226"]
[Result "1-0"]
[PlyCount "152"]
[EventDate "2012.07.15"]

1. d4 g6 2. e4 Bg7 3. Nc3 d6 4. h4 Nf6 5. f3 a6 6. Be3 b5 7. Qd2 Nbd7 8. O-O-O
Bb7 9. Bh6 Bxh6 10. Qxh6 e5 11. d5 Rc8 12. Kb1 c6 13. dxc6 Rxc6 14. Qd2 Nb6 15.
Nxb5 axb5 16. Bxb5 Ke7 17. Bxc6 Bxc6 18. h5 Nxh5 19. Ne2 Qb8 20. Qb4 Na4 21.
Qa3 Rc8 22. Rhe1 Bb5 23. Rd2 Rc6 24. g4 Ng7 25. Ka1 Ra6 26. Qb4 Rb6 27. Nc3 Bc6
28. Nd5+ Bxd5 29. Qxa4 Bc6 30. Qa3 Ne6 31. c3 Nc5 32. b4 Ra6 33. Qb2 Na4 34.
Qb3 Bd7 35. c4 Be6 36. Rc1 Qa7 37. Qd3 Kf8 38. f4 Qd4+ 39. Qxd4 exd4 40. f5 Bd7
41. Rxd4 Ke7 42. Rcd1 Bc8 43. R1d3 h5 44. gxh5 gxh5 45. a3 Rb6 46. Ka2 h4 47.
Rh3 Kf6 48. Kb3 Nc5+ 49. Kc2 Na4 50. Rxh4 Bb7 51. Rh8 Ke5 52. Kd3 Nc5+ 53. bxc5
dxc5 54. Re8+ Kf4 55. Rd5 Rb3+ 56. Kc2 Rxa3 57. Rxc5 Bxe4+ 58. Kb2 Ra7 59. Ree5
f6 60. Ra5 Rc7 61. Rec5 Rh7 62. Kc3 Rh3+ 63. Kb4 Bc2 64. Rc8 Bxf5 65. Rf8 Rh6
66. c5 Be4 67. Ra6 Ke5 68. Re8+ Kf4 69. c6 Rh7 70. Kc5 f5 71. Kd6 Bxc6 72. Rxc6
Kg3 73. Rc3+ Kg4 74. Ke5 Rg7 75. Rc4+ Kg5 76. Rf4 Ra7 1-0

[Event "C.to Italiano Semifinale"]
[Site "Civitanova Marche ITA"]
[Date "2012.07.19"]
[Round "6"]
[White "Lantini, Marco"]
[Black "Martorelli, Antonio"]
[WhiteElo "2153"]
[BlackElo "2219"]
[Result "1/2-1/2"]
[PlyCount "121"]
[EventDate "2012.07.15"]

1. d4 d5 2. c4 c6 3. Nf3 e6 4. Qc2 Nf6 5. Nbd2 Be7 6. g3 Nbd7 7. Bg2 O-O 8. O-O
b6 9. e4 Bb7 10. b3 Rc8 11. Bb2 c5 12. exd5 exd5 13. Nh4 cxd4 14. Bxd4 Ba6 15.
Qb2 dxc4 16. Rfd1 cxb3 17. axb3 Be2 18. Re1 Bd3 19. Nc4 Bc5 20. Rxa7 b5 21.
Bxc5 Nxc5 22. Ne5 Be4 23. Bxe4 Ncxe4 24. Nf5 Rc3 25. Nd7 Nxd7 26. Rxe4 Qf6 27.
Ne7+ Kh8 28. Qa3 Rd3 29. Ra6 Qf3 30. Re1 Rxb3 31. Qd6 Rd3 32. Qb4 Rb3 33. Qd6
Rd3 34. Qb4 Rd1 35. Ra1 Rxe1+ 36. Rxe1 Qb7 37. Nf5 Rc8 38. Nd6 Qc6 39. Nxc8
Qxc8 40. Qxb5 Nf6 41. Qb6 h5 42. Qb3 Qd7 43. Rd1 Qe7 44. Qf3 Kg8 45. Qf5 g6 46.
Qc8+ Kg7 47. Qc3 Kh7 48. Re1 Qd6 49. Qf3 Kg7 50. Ra1 Qd4 51. Rd1 Qb6 52. Rc1
Qb2 53. Rc7 Qe5 54. Rb7 Qe1+ 55. Kg2 Qe6 56. h3 Ne4 57. Rb4 Ng5 58. Qc3+ Kh7
59. g4 Qd5+ 60. f3 Nxf3 61. Qxf3 1/2-1/2

[Event "C.to Italiano Semifinale"]
[Site "Civitanova Marche ITA"]
[Date "2012.07.19"]
[Round "6"]
[White "Lapenna, Antonio"]
[Black "Paltrinieri, Nicholas"]
[WhiteElo "2207"]
[BlackElo "2172"]
[Result "1-0"]
[PlyCount "91"]
[EventDate "2012.07.15"]

1. d4 e6 2. Nf3 f5 3. g3 Nf6 4. Bg2 Be7 5. O-O O-O 6. c4 d6 7. Nc3 Qe8 8. Qc2
Qg6 9. b3 Nc6 10. Ba3 Ne4 11. Nb5 Bd7 12. d5 exd5 13. Nxc7 dxc4 14. Qxc4+ Kh8
15. Nxa8 d5 16. Qc1 Bxa3 17. Qxa3 Rxa8 18. e3 Qf6 19. b4 a6 20. b5 Ne5 21. Nxe5
Qxe5 22. bxa6 bxa6 23. Rac1 h5 24. Rfd1 Bb5 25. Bf1 Bxf1 26. Kxf1 h4 27. Qd3
Rd8 28. Qxa6 Rd6 29. Rc8+ Kh7 30. Qa8 hxg3 31. hxg3 Nf6 32. Qa4 Ng4 33. Qf4 Qe6
34. Kg2 Ra6 35. Rc2 Ra3 36. Rcd2 d4 37. Qxd4 Ra5 38. Rh1+ Nh6 39. Qf4 Qc6+ 40.
Qf3 Qe6 41. Rh4 Kg8 42. Rhd4 Rc5 43. Rd6 Qf7 44. Rd7 Qf6 45. R2d6 Qa1 46. Rxh6
1-0

[Event "C.to Italiano Semifinale"]
[Site "Civitanova Marche ITA"]
[Date "2012.07.19"]
[Round "6"]
[White "Lattanzio, Savino"]
[Black "Andreoni, Giuseppe"]
[WhiteElo "2089"]
[BlackElo "2119"]
[Result "0-1"]
[PlyCount "70"]
[EventDate "2012.07.15"]

1. e4 c5 2. c3 d6 3. d4 Nf6 4. Bd3 g6 5. h3 Bg7 6. Nf3 O-O 7. O-O Nbd7 8. e5
dxe5 9. dxe5 Nd5 10. Re1 Nc7 11. a4 Ne6 12. a5 Qc7 13. Qe2 Rd8 14. Bc2 Rb8 15.
b4 b5 16. axb6 Rxb6 17. bxc5 Ndxc5 18. Be3 Ba6 19. c4 Rb2 20. Nc3 Bxe5 21. Nxe5
Qxe5 22. Bxc5 Qxc3 23. Rxa6 Rxc2 24. Qe5 Nxc5 25. Qxe7 Rf8 26. Re3 Qxc4 27. Rf6
a5 28. h4 Na4 29. h5 Rc1+ 30. Kh2 Qc7+ 31. Qxc7 Rxc7 32. Ra6 Rc5 33. h6 Rh5+
34. Kg3 Nc5 35. Kf3 Nxa6 0-1

[Event "C.to Italiano Semifinale"]
[Site "Civitanova Marche ITA"]
[Date "2012.07.19"]
[Round "6"]
[White "Pipitone, Antonio"]
[Black "Sbarra, Marco"]
[WhiteElo "1942"]
[BlackElo "2271"]
[Result "0-1"]
[PlyCount "100"]
[EventDate "2012.07.15"]

1. e4 e5 2. Nf3 Nc6 3. Bb5 a6 4. Ba4 Nf6 5. O-O b5 6. Bb3 Bc5 7. c3 d6 8. d4
Bb6 9. Bg5 h6 10. Bh4 g5 11. Bg3 O-O 12. dxe5 dxe5 13. Nxe5 Nxe5 14. Bxe5 Qxd1
15. Rxd1 Nxe4 16. Bd4 Bxd4 17. Rxd4 Bb7 18. Rd7 Rac8 19. Nd2 Nc5 20. Re7 Rfd8
21. Nf1 Nxb3 22. axb3 Kf8 23. Re3 Rd6 24. Rae1 Bd5 25. b4 Be6 26. h3 Rcd8 27.
Ng3 Rd2 28. Ne4 Rxb2 29. Nc5 Bc4 30. Nxa6 Rdd2 31. Rf3 c6 32. Nc5 Bd5 33. Rf5
Kg7 34. Ne4 Rd3 35. Ng3 Rxg3 36. fxg3 Rxg2+ 37. Kf1 Rxg3 38. Kf2 Rxh3 39. Re3
Rh2+ 40. Ke1 g4 41. Rf2 Rxf2 42. Kxf2 Kg6 43. Kg3 Kg5 44. Re1 h5 45. Re7 h4+
46. Kh2 g3+ 47. Kh3 Be6+ 48. Kg2 Kf4 49. Re8 h3+ 50. Kf1 h2 0-1

[Event "C.to Italiano Semifinale"]
[Site "Civitanova Marche ITA"]
[Date "2012.07.19"]
[Round "6"]
[White "Piscopo, Pierluigi"]
[Black "Sibilio, Mario"]
[WhiteElo "2360"]
[BlackElo "2352"]
[Result "1-0"]
[PlyCount "77"]
[EventDate "2012.07.15"]

1. e4 c6 2. d4 g6 3. Nc3 d5 4. f3 e6 5. Be3 b5 6. a3 a6 7. Nce2 Nd7 8. e5 Ne7
9. f4 h5 10. g3 c5 11. Nf3 Nf5 12. Bf2 Bb7 13. c3 Rc8 14. Bh3 Nh6 15. Bg2 cxd4
16. cxd4 Nb6 17. b3 Be7 18. h3 O-O 19. O-O Qc7 20. Ne1 a5 21. Nd3 a4 22. Rc1
Qb8 23. Nc5 axb3 24. Qxb3 Bc6 25. Qd3 Kg7 26. Be1 Nc4 27. Bb4 Qa7 28. Rf3 Rh8
29. g4 hxg4 30. hxg4 Nxg4 31. Rg3 Rh4 32. Bh3 Rxh3 33. Rxh3 Nh6 34. Ng3 Ba8 35.
Kf2 Rxc5 36. Rch1 Ng8 37. Rh7+ Kf8 38. dxc5 Bxc5+ 39. Qd4 1-0

[Event "C.to Italiano Semifinale"]
[Site "Civitanova Marche ITA"]
[Date "2012.07.19"]
[Round "6"]
[White "Rombaldoni, Axel"]
[Black "De Filomeno, Simone"]
[WhiteElo "2479"]
[BlackElo "2338"]
[Result "1-0"]
[PlyCount "91"]
[EventDate "2012.07.15"]

1. d4 d5 2. c4 e6 3. Nf3 Nf6 4. g3 dxc4 5. Bg2 Nc6 6. Nc3 Rb8 7. Qa4 Bb4 8. O-O
O-O 9. Qb5 Bxc3 10. bxc3 Qd5 11. Qb1 Qf5 12. Ba3 Qxb1 13. Raxb1 Rd8 14. Nd2 Nd5
15. Rfc1 b5 16. Bc5 Ba6 17. f4 b4 18. cxb4 c3 19. Ne4 Bxe2 20. Nxc3 Nxc3 21.
Rxc3 Nxd4 22. Bxa7 Nb5 23. Re3 Nxa7 24. Rxe2 c5 25. Reb2 cxb4 26. Rxb4 Rxb4 27.
Rxb4 g6 28. Rb2 h5 29. Kf2 Rd4 30. Ke3 Ra4 31. Be4 Kg7 32. Bc2 Ra5 33. a4 g5
34. fxg5 Rxg5 35. Rb7 Nc6 36. Rb5 e5 37. Be4 Nd4 38. Rb7 h4 39. gxh4 Rh5 40. a5
Rxh4 41. a6 Rxh2 42. a7 Re2+ 43. Kd3 Ra2 44. Rxf7+ Kg8 45. Bd5 Ra3+ 46. Ke4 1-0